000 01152cam a22003257a 4500
003 CHAP
005 20220329140955.0
008 971013s1977 r 00010 d
010 _a60736
011 _a61708
035 _a65876
040 _cCHAP
082 _a338.9
_bE82 1977
110 _aEscuela Superior de Agricultura Hermanos Escobar. Ciudad Juárez, Chih.
_937617
245 0 _aMemoria del curso de postgrado sobre
_b: evaluación de proyectos agrícolas y administración de empresas agropecuarias
260 _aCd. Juárez, Chih. :
_bLa escuela,
_c1977
300 _a103 p.
590 _aBATCH-UPD
_b10
_c20130110
_lUCH01
_h0039
590 _aBATCH-UPD
_b10
_c20130110
_lUCH01
_h1901
590 _aBATCH-UPD
_b10
_c20130410
_lUCH01
_h1229
590 _aBATCH-UPD
_b10
_c20130914
_lUCH01
_h1304
590 _aCONVERSION
_b10
_c20130109
_lUCH01
_h1333
650 1 4 _aEmpresas agropecuarias.
_936649
650 1 4 _aEstudios de postgrado.
_938525
650 1 4 _aPolítica agrícola.
_990283
650 1 4 _aPolítica ganadera.
_990617
901 _aBK
942 _cLIBRO
949 _a338.9 E82 1977
_bBC
_cLIBRO
_d33724000418042
_eLIBRO
_h71700
_i65876
_si
999 _c60736
_d60736